Deutsche Marken - Statistiken

Allgemein
  • Dieses Quiz wurde 1.244 mal gespielt
  • Das Durchschnittsergebnis liegt bei 6 aus 10
Answers on the Grid
Answers color-coded by a green-red scale on the quiz's grid according to % correct below.
Adidas
Starbucks
Maserati
Zalando
Puma
Burberry
Fischer
Mercedes
Nivea
Google
Burger king
Telekom
1&1
Ubisoft
Epicgames
Lego
Paulaner
Alianz
Dhl
Nestle
 
Antwortstatistiken
Antwort % Korrekt
Adidas
93%
Puma
69%
Mercedes
62%
Paulaner
61%
Alianz
59%
Telekom
53%
1&1
51%
Dhl
51%
Nivea
42%
Zalando
32%
Keine übereinstimmenden Quizze gefunden
Verteilung der Resultate
Anzahl Personen mit jedem Resultat
Perzentil nach korrekt beantworteten Fragen
Ihre Resultats-Entwicklung
Sie haben dieses Quiz noch nicht gespielt